LEADER 01835nam 2200493 450 001 000014901 005 20051110153515.0 010 $a0-12-711250-2 100 $a20030709d1976----km-y0itay0103----ba 101 0 $aeng 102 $aGB 200 1 $aSexual interactions in plants$ethe role of specific substances in sexual reproduction$fH. Van Den Ende 210 $aLondon...[etc.]$cAcademic Press$d1976 215 $a186 p.$cill.$d24 cm 225 2 $aExperimental botany$v9 410 1$12001$aExperimental botany$v9 606 $aPiante$xRiproduzione 606 $aFisiologia vegetale 606 $aFitormoni 676 $a571.82$v(21. ed.)$9Riproduzione, sviluppo, accrescimento. Piante e microrganismi 700 1$aEnde,$bH. : van den$0441657 801 0$aIT$bUniversità della Basilicata - B.I.A.$gRICA$2unimarc 912 $a000014901 996 $aSexual interactions in plants$980387 997 $aUNIBAS BAS $aSCIENZE CAT $aSTD025$b01$c20030709$lBAS01$h1238 CAT $aTORRE$b20$c20040205$lBAS01$h1310 CAT $aTORRE$b20$c20040205$lBAS01$h1559 CAT $aTORRE$b20$c20040205$lBAS01$h1603 CAT $aTORRE$b20$c20040205$lBAS01$h1611 CAT $aTORRE$b20$c20040205$lBAS01$h1641 CAT $aTORRE$b20$c20040205$lBAS01$h1650 CAT $aTORRE$b20$c20040205$lBAS01$h1651 CAT $aTORRE$b20$c20040205$lBAS01$h1653 CAT $aTORRE$b20$c20040205$lBAS01$h1707 CAT $c20050601$lBAS01$h1755 CAT $abatch$b01$c20050718$lBAS01$h1052 CAT $c20050718$lBAS01$h1111 CAT $c20050718$lBAS01$h1141 CAT $c20050718$lBAS01$h1156 CAT $aTTM$b30$c20051110$lBAS01$h1535 FMT Z30 -1$lBAS01$LBAS01$mBOOK$1BASA2$APolo Tecnico-Scientifico$2DID$BDidattica$3PTS.s1.p59.17$623269$5A23269$820030709$f04$FPrestabile Didattica